banner koha

Lazer : (Registro n. 9771)

MARC details
000 -LÍDER
Campo de controle fixo 00627nam a2200241 4500
001 - NÚMERO DE CONTROLE
Número de controle BS2023000183
003 - CÓDIGO MARC DA AGÊNCIA CATALOGADORA
Campo de controle BR-BrBNA
005 - DATA E HORA DA ÚLTIMA ATUALIZAÇÃO
Campo de controle 20230814091159.0
008 - CAMPO DE TAMANHO FIXO
Campo fixo de controle 230809b bl.||||| |||| 00| 0 por d
040 ## - FONTE DA CATALOGAÇÃO
Agência catalogadora BR-BrBNA
Idioma da catalogação por.
041 ## - CÓDIGO DO IDIOMA
Código do Idioma por.
072 ## - CATEGORIA DE CLASSIFICAÇÃO
Código da categoria de assunto E11
100 ## - ENTRADA PRINCIPAL - NOME PESSOAL
Nome pessoal Éffori, Carlos
245 ## - TÍTULO PRINCIPAL
Título principal Lazer :
Subtítulo "Um período estratégico na vida de todos" /
Indicação de responsabilidade Carlos Éffori.
260 ## - IMPRENTA (PUBLICAÇÃO, DISTRIBUIÇÃO, ETC.)
Lugar de publicação, distribuição, etc. Brasil - BR :
Nome do editor, distribuidor, etc. Gráfica valci editora ltda,
Data de publicação, distribuição, etc [1990].
300 ## - DESCRIÇÃO FÍSICA
Extensão 99 p.
650 ## - ASSUNTO
Cabeçalho tópico ou nome geográfico AUTO-AJUDA
650 ## - ASSUNTO
Cabeçalho tópico ou nome geográfico LAZER
650 ## - ASSUNTO
Cabeçalho tópico ou nome geográfico BEM-ESTAR
909 ## - IDENTIFICAÇÃO DO CATALOGADOR
Ano e mês da catalogação (aaaamm) 202308
Identificação do catalogador Maria Neves
942 ## - TIPO ESPECÍFICO
Tipo de material Livros
Exemplares
Status de empréstimo Fonte de classificação Status de danificação Não pode ser emprestado Código da coleção Localização permanente Localização atual Localização na estante Total Checkouts Número de chamada Código de barras Date last seen Tipo de material Perdido Data de aquisição Fonte de aquisição Qualificador de localização codificada Preço Número de inventário Preço para reposição Preço efetivo a partir de
Consulta Local Classificação AGRIS     Acervo Cultural Biblioteca Nacional de Agricultura - Binagri Biblioteca Nacional de Agricultura - Binagri Acervo Cultural   E11 BS2023000183 2023-436050 09/08/2023 Livros                

BINAGRI

Telefone: (61)3218-2567/2388/3357/2097 - binagri@agro.gov.br

Ministério da Agricultura e Pecuária , Esplanada dos Ministérios, Bloco D, Anexo B, Brasília/DF, CEP: 70.043-900